| 000 | 00829nam a2200253 u 4500 | ||
|---|---|---|---|
| 005 | 20210223133406.0 | ||
| 008 | 170906s2008 ag r 000 0 spa d | ||
| 020 | _a9789502408040 | ||
| 035 | _aUPN01000220293 | ||
| 049 | _aI | ||
| 050 | 4 |
_aBF637 T7.7 _bM6.9 |
|
| 100 | 1 |
_aMoses, Brian, _d1950- _941874 |
|
| 245 | 1 | 0 |
_aYo no fui / _cBrian Moses, Mike Gordon ; tr. Silvia Sassone. |
| 260 |
_aBuenos Aires : _bAlbatros, _c2008. |
||
| 300 |
_a32 p. : _bprincipalmente il. col. |
||
| 440 | 0 | _aValores | |
| 534 |
_pTítulo original : _tIt was´t me! : learning about honesty |
||
| 650 | 4 |
_aVERDAD Y MENTIRA - _vLITERATURA INFANTIL _911239 |
|
| 650 | 4 |
_aHONRADEZ - _vLITERATURA INFANTIL _922263 |
|
| 650 | 4 |
_aVALORES - _vLITERATURA INFANTIL _921634 |
|
| 700 | 1 |
_aGordon, Mike, _ecoaut. |
|
| 905 | _aInfantil | ||
| 999 |
_c192392 _d192392 |
||